Stolice Świata z mapą - Statystyki

Ogólne statystyki
  • Ten quiz został rozwiązany 10 626 razy
  • Średni wynik to 98 z 196
Odpowiedzi na mapie
Odpowiedzi zakodowano w zielono-czerwonej skali na mapie do tego quizu, zgodnie z poniższymi procentami.
 
Statystyki odpowiedzi
Kraj % Poprawnych
Warszawa
90%
Moskwa
89%
Paryż
89%
Berlin
88%
Waszyngton
88%
Londyn
87%
Madryt
87%
Kijów
86%
Oslo
86%
Praga
86%
Rzym
86%
Ateny
85%
Kopenhaga
85%
Lizbona
85%
Meksyk
85%
Mińsk
85%
Amsterdam
84%
Dublin
84%
Helsinki
84%
Ottawa
84%
Sztokholm
84%
Wiedeń
84%
Bruksela
83%
Budapeszt
83%
Bukareszt
83%
Pekin
83%
Tokio
83%
Wilno
83%
Ryga
82%
Sofia
82%
Bratysława
81%
Reykjavík
81%
Tallinn
81%
Zagrzeb
81%
Luksemburg
80%
Ankara
79%
Berno
79%
Brasília
79%
Watykan
79%
San Marino
78%
Andora
77%
Kair
77%
Tirana
77%
Sarajewo
76%
Seul
76%
Belgrad
75%
Buenos Aires
75%
Nowe Delhi
75%
Kiszyniów
74%
Lublana
74%
Monako
73%
Vaduz
73%
Valletta
73%
Skopje
71%
Jerozolima
69%
Podgorica
69%
Prisztina
69%
Algier
68%
Canberra
68%
Pjongjang
68%
Lima
67%
Ułan Bator
67%
Nikozja
66%
Santiago
66%
Tunis
66%
Hawana
65%
Bogota
64%
Nur-Sułtan
64%
Panama
64%
Bangkok
63%
Teheran
63%
Baku
62%
Montevideo
62%
Rabat
62%
Abu Zabi
61%
Dżakarta
61%
Damaszek
60%
La Paz / Sucre
58%
Rijad
58%
Pretoria / Kapsztad / Bloemfontein
57%
Singapur
57%
Tbilisi
57%
Kuwejt
56%
Bagdad
55%
Caracas
55%
Wellington
55%
Hanoi
54%
Erywań
53%
Kabul
53%
Manila
53%
Tajpej
53%
Gwatemala
52%
Quito
52%
Islamabad
51%
Kuala Lumpur
50%
Dhaka
49%
Trypolis
49%
Antananarywa
48%
Male
48%
Bejrut
47%
Dakar
47%
Doha
47%
Kingston
47%
Kingstown
47%
Nairobi
47%
San Salvador
45%
Dżibuti
43%
Katmandu
43%
Sri Dźajawardanapura Kotte
43%
Addis Abeba
42%
Amman
42%
Georgetown
42%
Sana
42%
Asunción
41%
Biszkek
40%
Santo Domingo
40%
Wientian
40%
Maskat
38%
Port-au-Prince
38%
San José
38%
Chartum
37%
Taszkent
37%
Kinszasa
36%
Phnom Penh
35%
Port-of-Spain
35%
Abudża
34%
Paramaribo
34%
Bissau
33%
Nassau
33%
Aszchabad
32%
Manama
32%
Mogadiszu
32%
Duszanbe
31%
Thimphu
31%
Dili
30%
Freetown
30%
Luanda
30%
Naypyidaw
30%
Niamey
30%
Tegucigalpa
30%
Akra
29%
Belmopan
29%
Managua
29%
Port Moresby
29%
Ndzamena
28%
Victoria
28%
Brazzaville
27%
Dżuba
27%
São Tomé
25%
Bandar Seri Begawan
24%
Harare
24%
Libreville
24%
Porto Novo
24%
Asmara
23%
Bamako
23%
Bridgetown
23%
Dodoma
23%
Gaborone
23%
Kampala
23%
Lomé
23%
Maputo
23%
Suva
23%
Windhuk
23%
Lusaka
22%
Nawakszut
22%
Saint George’s
22%
Saint John’s
22%
Kigali
21%
Port Louis
21%
Wagadugu
21%
Jaunde
20%
Roseau
20%
Bandżul
19%
Bangi
19%
Honiara
19%
Konakry
19%
Monrovia
19%
Port Vila
19%
Praia
19%
Jamusukro
18%
Mbabane
18%
Gitega
17%
Lilongwe
17%
Maseru
17%
Yaren
17%
Apia
16%
Castries
16%
Malabo
15%
Moroni
15%
Basseterre
14%
Palikir
14%
Nukuʻalofa
13%
Majuro
12%
Ngerulmud
12%
Bairiki
8%
Vaiaku
6%
Nie znaleziono quizów pasujących do podanych kryteriów
Rozkład punktacji
Procent ludzi z każdym wynikiem
Percentyl według liczby udzielonych odpowiedzi
Twoja historia wyników
Nie rozwiązałeś tego quizu